Central Library OPAC University of Rajshahi

Accounting in socialist countries / (Record no. 61020)

MARC details
000 -LEADER
fixed length control field 00812nam a2200265 a 4500
001 - CONTROL NUMBER
control field 61020
003 - CONTROL NUMBER IDENTIFIER
rucl marc code BD-RjUL
005 - DATE AND TIME OF LATEST TRANSACTION
control field 20211209080919.0
008 - FIXED-LENGTH DATA ELEMENTS--GENERAL INFORMATION
fixed length control field 170114s1988 enka b 001 0 eng
020 ## - INTERNATIONAL STANDARD BOOK NUMBER
International Standard Book Number 0415004292
035 ## - SYSTEM CONTROL NUMBER
System control number (BD-RjUL)61144
040 ## - CATALOGING SOURCE
Original cataloging agency DLC
Transcribing agency DLC
Modifying agency BD-RjUL
Language of cataloging eng
041 ## - LANGUAGE CODE
Language code of text/sound track or separate title eng
082 00 - DEWEY DECIMAL CLASSIFICATION NUMBER
Classification number 657.091717
Edition number 23
Author mark and year ACC 1988
245 10 - TITLE STATEMENT
Title Accounting in socialist countries /
Statement of responsibility, etc. edited by Derek T. Bailey.
260 ## - PUBLICATION, DISTRIBUTION, ETC. (IMPRINT)
Place of publication, distribution, etc. New York :
Name of publisher, distributor, etc. Routledge,
Date of publication, distribution, etc. 1988.
300 ## - PHYSICAL DESCRIPTION
Pagination 184 p. :
Illustrations ill. ;
Size 23 cm.
490 1# - SERIES STATEMENT
Series statement [International accounting series]
500 ## - GENERAL NOTE
General note Include index
650 #0 - SUBJECT ADDED ENTRY--TOPICAL TERM
Topical term or geographic name as entry element Accounting
Geographic subdivision Communist countries.
9 (RLIN) 182062
700 1# - ADDED ENTRY--PERSONAL NAME
Personal name Bailey, Derek T.
830 #0 - SERIES ADDED ENTRY--UNIFORM TITLE
Uniform title Series on international accounting and finance.
942 ## - ADDED ENTRY ELEMENTS (KOHA)
Source of classification or shelving scheme Dewey Decimal Classification
Koha item type Books
Holdings
Lost status Source of classification or shelving scheme Damaged status Not for loan Collection code Permanent Location Current Location Shelving location Date acquired Source of acquisition Cost, normal purchase price Total Checkouts Full call number Date last seen Copy number Koha item type
  Dewey Decimal Classification   Not For Loan Non-fiction Central Library, University of Rajshahi Central Library, University of Rajshahi Reading Room 01/10/1991 Abacus book, London 35.00   657.091717 ACC 1988 14/01/2017 C-1 Books
  Dewey Decimal Classification     Non-fiction Central Library, University of Rajshahi Central Library, University of Rajshahi   01/10/1991 Abacus books, London 35.00   657.091717 ACC 1988 08/06/2017 C-2 Books